| 000 | 00537cam a22002171 4500 | ||
|---|---|---|---|
| 001 | sa 66005044 | ||
| 003 | DLC | ||
| 005 | 20260227112247.0 | ||
| 008 | 890425s1965 ii 000 0 asmo | ||
| 010 | _asa 66005044 | ||
| 035 | _a(OCoLC)19598474 | ||
| 040 |
_aDLC _cWaU _dDLC |
||
| 042 | _apremarc | ||
| 050 | 0 | 0 |
_aPN6519.A85 _bS2 |
| 100 | 1 |
_aSarma, Harendranath, _d1905- |
|
| 245 | 1 | 0 | _aAsamīẏā bacana-bhaṅgī. |
| 260 | _c[1965] | ||
| 300 |
_a16, 512 p. _c19 cm. |
||
| 500 | _aIn Assamese. | ||
| 650 | 0 | _aProverbs, Assamese. | |
| 999 |
_c69774 _d69774 |
||